| 000 | 00412nam a22001457a 4500 | ||
|---|---|---|---|
| 003 | OSt | ||
| 005 | 20151001141938.0 | ||
| 008 | 151001b xxu||||| |||| 00| 0 eng d | ||
| 040 | _cRUA | ||
| 082 | _aAGR ដួង 1993 B002 Or.1 | ||
| 100 |
_91684 _a ដួង រតនា |
||
| 245 | _aការកែច្នៃផលិតផលជ័រកៅស៊ូ | ||
| 300 |
_aviii, 75. _bill. _c29cm. |
||
| 942 |
_2ddc _cAGR |
||
| 999 |
_c1586 _d1586 |
||